|
|
|
|
| LEADER |
00000cam a2200000 a 4500 |
| 001 |
74312 |
| 003 |
Ucuenca |
| 005 |
20230308162230.0 |
| 008 |
000000|1964 mx |||||r|||||||||||spa|| |
| 040 |
|
|
|b spa
|
| 041 |
1 |
|
|a spa
|
| 082 |
0 |
|
|a 530
|
| 100 |
1 |
|
|a Jolly, William Percy
|9 32909
|
| 245 |
|
|
|a Física para ingenieros electricistas
|c William Percy Jolly.Traducción Carlos M. Tello
|h imp
|
| 264 |
|
|
|a México
|b UTEHA
|c 1964
|
| 300 |
|
|
|a 348 páginas:
|b dia
|c 23 cm
|
| 504 |
|
|
|a incl. ref.
|
| 650 |
1 |
0 |
|a Física
|9 4976
|
| 650 |
1 |
0 |
|a Electricidad
|9 12841
|
| 852 |
|
|
|a UC-CDJBV
|f Compra
|l 1
|m General
|p 00000000
|r 2
|t 74312
|b 0
|d CDRC
|e CDRC
|g 530 SEGUNDO PISO
|z 0000-00-00
|
| 942 |
|
|
|c BK
|
| 999 |
|
|
|c 17400
|d 17400
|